000 00896nam a2200253Ia 4500
003 OSt
005 20220923213133.0
006 a|||||r|||| 00| 0
007 ta
008 220922b |||||||| |||| 00| 0 hin d
024 _a159,125
037 _cTextual
040 _aARTS
_cARTS
_bhin
041 _2hin
_ahin
082 _aO152,1:g, K9
100 _aगुलाटी, यश, संपा.
_9162938
245 0 _aहिन्दी के श्रेष्ठ काव्यों का मूल्यांकन
246 _aHindī ke shreṣhṭha kāvyoan kā mūlyāankana
260 _aदिल्ली
_b सूर्य प्रकाशन
_c1969
300 _a876पृ.
_ccm.
650 _aहिन्दी साहित्य
_9156264
942 _hO152,1:g, K9
_cTEXL
_2CC
999 _c313872
_d313872